00550nam a22001577a 450000500170000000800410001702000180005804100130007608200160008910000250010524501390013025000190026926000440028830000340033265000260036620231214063414.0231214b |||||||| |||| 00| 0 eng d a9781485137658 aEnglish  a346.47 NCU  aNcube, CB lEnglish  aScience, Technology & Innovation and Intellectual Property : bLeveraging Openness for Sustainable Development in Africa / cCB Ncube  aFirst Edition  aCape Town : bJuta and Company, c2021  bxxii, 213 pages ; c25,5 cm.  aLegal practice bLaw